书目信息 |
| 题名: |
塑性力学
|
|
| 作者: | 王春玲 主编 | |
| 分册: | ||
| 出版信息: | 北京 中国建材工业出版社 2005 |
|
| 页数: | 164页 | |
| 开本: | 26cm | |
| 丛书名: | ||
| 单 册: | ||
| 中图分类: | O344 | |
| 科图分类: | ||
| 主题词: | 塑性力学--高等学校--教材 , 塑性力学 | |
| 电子资源: | ||
| ISBN: | 7-80159-811-3 | |
| 000 | 00895nam0 2200265 450 | |
| 000 | 00892nam0 2200265 450 | |
| 000 | 00825nam0 2200241 450 | |
| 000 | 00789nam0 2200229 45 | |
| 005 | 20070514172849.34 | |
| 010 | @a7-80159-811-3@dCNY19.00 | |
| 100 | @a20070320e20062005em y0chiy0120 ea | |
| 101 | 0 | @achi |
| 102 | @aCN@b110000 | |
| 105 | @ay z 000yy | |
| 200 | 1 | @a塑性力学@ASu Xing Li Xue@f王春玲主编@FWang Chun Ling Zhu Bian |
| 210 | @a北京@c中国建材工业出版社@d2005@h2006 | |
| 215 | @a164页@d26cm | |
| 300 | @a高等工科院校试用教材 | |
| 330 | @a本书内容包括:简单应力状态下的弹塑性问题、应力状态和应变分析、屈服条件、塑性本构关系、弹塑性力学边值问题的简单实例、极限分析原理等。 | |
| 606 | 0 | @a塑性力学@x高等学校@j教材 |
| 606 | 0 | @a塑性力学 |
| 690 | @aO344@v4 | |
| 701 | 0 | @a王春玲@AWang Chun Ling@c(力学)@4主编 |
| 801 | 0 | @aCN@bTAOJIN0320@c20070514 |
| 905 | @a10447@dO344@e32 | |
| 塑性力学/王春玲主编.-北京:中国建材工业出版社,2005(2006) |
| 164页;26cm |
| 高等工科院校试用教材 |
| ISBN 7-80159-811-3:CNY19.00 |
| 本书内容包括:简单应力状态下的弹塑性问题、应力状态和应变分析、屈服条件、塑性本构关系、弹塑性力学边值问题的简单实例、极限分析原理等。 |
| ● |
| 相关链接 |
|
|
|
|
正题名:塑性力学
索取号:O344/32
 
预约/预借
| 序号 | 登录号 | 条形码 | 馆藏地/架位号 | 状态 | 备注 |
| 1 | 0520048 | 205200487 | 第二样本阅览室/ [索取号:O344/32] | 在馆 | |
| 2 | 0520049 | 205200496 | 第三借阅区/ [索取号:O344/32] | 在馆 | |
| 3 | 0520050 | 205200502 | 第三借阅区/ [索取号:O344/32] | 在馆 | |
| 4 | 0520051 | 205200511 | 第三借阅区/ [索取号:O344/32] | 在馆 | |
| 5 | 0520052 | 205200520 | 第三借阅区/ [索取号:O344/32] | 在馆 |